Personnages d'anime en images - T - Statistiques

Statistiques générales
  • Ce quiz a été pris 455 fois
    240 depuis la dernière actualisation
  • Le résultat moyen est 9 sur 19
Statistiques - réponses
Par images Réponse % Correct
Tanjirō Kamado
95%
Tsunade
88%
Aoi Todo
87%
Shoto Todoroki
86%
Totoro
81%
Trunks
77%
Thorfinn
69%
Tenya Iida
61%
Tom Sawyer
55%
Tatsumaki
38%
Thorkell
37%
Tompa
36%
Kei Tsukishima
28%
Touka Kirishima
23%
Trish Una
15%
Taki Tachibana
14%
Taiga Aisaka
13%
Takumi Fujiwara
5%
Thomas Agosti
2%
Aucun quiz correspondant
Distribution des résultats
% des personnes avec chaque résultat
Percentile par nombre de réponses
Votre historique - résultats
Vous n’avez pas pris ce quiz depuis la dernière actualisation